000 00503nam a2200193Ia 4500
003 OSt
005 20220926045710.0
006 a|||||r|||| 00| 0
007 ta
008 220923b |||||||| |||| 00| 0 eng d
037 _cGeneral Book
040 _aRTL
_cRTL
_beng
041 _2eng
_aeng
082 _aY15:4.1.N8, M1/TD
100 _aYOUNG K C
_9350599
245 0 _aOf marriage and the market.
942 _hY15:4.1.N8, M1/TD
_cGB
_2CC
999 _c678456
_d678456